00757 2200181 4500245004200000020002200042250001100064700002600075100002000101650001900121005001900140260003900159041001400198084000800212300002600220500032000246336000900566 aManajemen EvencJohn E. KennedyhText a978-979-798-951-4 aCet. 1 aWedha Stratesti Yudha aJohn E. Kennedy aManajemen Umum a20231004135547 aJakartabBhuana Ilmu Populerc2009 aIndonesia a658 ax, 128 hlm. :c21 cm. aDemi suksesnya program pemasaran dan penjualan, Anda perlu menguasai cara menjadi peserta dalam sebuah pameran dagang atau ritel, mengatur pertemuan bisnis, menyusun rencana promosi penjualan, seminar, dan konferensi pers. Buku ini menyajikan semua pengetahuan penting tentang manajemen even yang perlu Anda kuasai. atext